| 000 | 00502nam a2200181Ia 4500 | ||
|---|---|---|---|
| 005 | 20250326125028.0 | ||
| 008 | 250326s9999 xx 000 0 und d | ||
| 037 | _aTextbook | ||
| 040 |
_aFMSL _beng _cFMSL |
||
| 041 |
_aeng _2eng |
||
| 084 |
_aX:8M L33 _qFMSL |
||
| 100 |
_aMilson F _9738386 |
||
| 245 | 0 |
_aIntroduction to group work skill _cMilson F |
|
| 260 |
_aLondon _bLondon, Routledge & Kegan Paul _c1973 |
||
| 300 | _a196p | ||
| 942 |
_cTB _hX:8M L33 |
||
| 999 |
_c1276240 _d1276240 |
||